000 01140pam a2200349 a 4500
001 3505353
003 OSt
005 20140310184456.0
008 950419s1996 nyua j 000 0 eng
010 _a 95017366
020 _a0590461559
040 _aDLC
_cDLC
_dDLC
042 _alcac
043 _an-ust--
050 0 0 _aE 99.N3
_b.D74 2000
100 1 _aDuncan, Lois,
_d1934-
_928397
245 1 4 _aThe magic of Spider Woman /
_cLois Duncan ; illustrated by Shonto Begay.
260 _aNew York :
_bScholastic,
_c2000.
300 _bcoll. ill. ;
_c29 cm.
521 _aG6
526 _c800
650 0 _aNavajo Indians
_xFolklore.
_928398
650 0 _aTales
_zSouthwest, New.
_928399
650 1 _aNavajo Indians
_xFolklore.
_928400
650 1 _aIndians of North America
_xFolklore.
_928401
650 1 _aFolklore
_zSouthwest, New.
_928402
700 1 _aBegay, Shonto,
_eill.
_928403
906 _a7
_bcbc
_corignew
_d1
_eocip
_f19
_gy-gencatlg
942 _2lcc
_cBK-SCHOLAS
999 _c34665
_d34665